The Berenstain Bears go on a Ghost Walk / (Record no. 28223)

MARC details
000 -LEADER
fixed length control field 01438nam a2200445 a 4500
001 - CONTROL NUMBER
control field sjds1133930
003 - CONTROL NUMBER IDENTIFIER
control field sjds
005 - DATE AND TIME OF LATEST TRANSACTION
control field 20230625201356.0
008 - FIXED-LENGTH DATA ELEMENTS--GENERAL INFORMATION
fixed length control field 041118s2005 nyua b 000 1 eng
010 ## - LIBRARY OF CONGRESS CONTROL NUMBER
LC control number 2004027530
020 ## - INTERNATIONAL STANDARD BOOK NUMBER
International Standard Book Number 006057383X (pbk.) :
020 ## - INTERNATIONAL STANDARD BOOK NUMBER
International Standard Book Number 9780060573836
020 ## - INTERNATIONAL STANDARD BOOK NUMBER
International Standard Book Number 0060573996 :
035 ## - SYSTEM CONTROL NUMBER
System control number 298756
035 ## - SYSTEM CONTROL NUMBER
System control number (OCoLC)57344204
035 ## - SYSTEM CONTROL NUMBER
System control number 298756
040 ## - CATALOGING SOURCE
Original cataloging agency DLC
Transcribing agency DLC
Modifying agency UtOrBLW
041 ## - LANGUAGE CODE
Language code of text/sound track or separate title eng
049 ## - LOCAL HOLDINGS (OCLC)
Holding library IFAA
099 ## - LOCAL FREE-TEXT CALL NUMBER (OCLC)
Filing suffix 2005
999 ## - SYSTEM CONTROL NUMBERS (KOHA)
Koha Dewey Subclass [OBSOLETE] PICTURE BOOKS BERENSTAIN 2005
100 1# - MAIN ENTRY--PERSONAL NAME
Personal name Berenstain, Stan,
Dates associated with a name 1923-2005,
Relator term author.
245 14 - TITLE STATEMENT
Title The Berenstain Bears go on a Ghost Walk /
Statement of responsibility, etc. Stan & Jan Berenstain.
246 30 - VARYING FORM OF TITLE
Title proper/short title Ghost walk
246 30 - VARYING FORM OF TITLE
Title proper/short title Go on a ghost walk
250 ## - EDITION STATEMENT
Edition statement First edition.
264 #1 - PRODUCTION, PUBLICATION, DISTRIBUTION, MANUFACTURE, AND COPYRIGHT NOTICE
Place of production, publication, distribution, manufacture New York :
Name of producer, publisher, distributor, manufacturer HarperFestival,
Date of production, publication, distribution, manufacture, or copyright notice 2005.
300 ## - PHYSICAL DESCRIPTION
Extent 1 volume (unpaged) :
Other physical details color illustrations ;
Dimensions 21 cm
336 ## - CONTENT TYPE
Content type term text
Content type code txt
Source rdacontent
337 ## - MEDIA TYPE
Media type term unmediated
Media type code n
Source rdamedia
338 ## - CARRIER TYPE
Carrier type term volume
Carrier type code nc
Source rdacarrier
440 ## - SERIES STATEMENT/ADDED ENTRY--TITLE
Title Berenstain Bears
520 ## - SUMMARY, ETC.
Summary, etc. Papa Bear is enthused about preparing for Bear Country School's Halloween Ghost Walk, but learns that "one person's fun is another person's nightmare."
521 1# - TARGET AUDIENCE NOTE
Target audience note Recommended for ages 3-7.
526 0# - STUDY PROGRAM INFORMATION NOTE
Program name Accelerated Reader
Interest level LG
Reading level 3.7
Title point value 0.5
Public note 106207
650 #0 - SUBJECT ADDED ENTRY--TOPICAL TERM
Topical term or geographic name as entry element Halloween
Form subdivision Juvenile fiction.
650 #0 - SUBJECT ADDED ENTRY--TOPICAL TERM
Topical term or geographic name as entry element Bears
Form subdivision Juvenile fiction.
700 1# - ADDED ENTRY--PERSONAL NAME
Personal name Berenstain, Jan,
Dates associated with a name 1923-2012.
942 ## - ADDED ENTRY ELEMENTS (KOHA)
Koha item type Libro/Book
Holdings
Withdrawn status Lost status Damaged status Not for loan Home library Current library Shelving location Date acquired Total Checkouts Full call number Barcode Checked out Date last seen Date checked out Price effective from Koha item type
        San Juan Del Sur -- Biblioteca San Juan Del Sur -- Biblioteca Children's Area 25/06/2023 2 JFI CAJA/ESTANTE INGLES 30023071 11/04/2024 07/03/2024 07/03/2024 25/06/2023 Libro/Book

Powered by Koha